Učiteľ - nové trendy a výzvy

Absencia transferu a flexibility vo vzdelávaní, ktoré majú vplyv na jeho kvalitu. Informácia o dokumente Manifesto 15, ktorý obsahuje obraz nutnej radikálnej premeny vzdelávania. Príčiny možnej slabej atraktivity učiteľského povolania a definícia novej generácie žiakov. Zmeny, ktoré je potrebné urob...

Descripción completa

Guardado en:
Detalles Bibliográficos
Autor principal: Novotná, Erika
Formato: Capítulo de libro
Lenguaje:eslovaco
Materias:
Etiquetas: Agregar Etiqueta
Sin Etiquetas, Sea el primero en etiquetar este registro!

MARC

LEADER 00000naa a2200000 4500
001 0261842
005 20200129101552.0
041 0 |a slo 
044 |a SK 
245 1 0 |a Učiteľ - nové trendy a výzvy  |c Erika Novotná 
520 |a Absencia transferu a flexibility vo vzdelávaní, ktoré majú vplyv na jeho kvalitu. Informácia o dokumente Manifesto 15, ktorý obsahuje obraz nutnej radikálnej premeny vzdelávania. Príčiny možnej slabej atraktivity učiteľského povolania a definícia novej generácie žiakov. Zmeny, ktoré je potrebné urobiť, aby školstvo bolo schopné prispôsobiť sa aktuálnym potrebám doby. 
610 2 0 |a žiaci 
610 2 0 |a učitelia 
610 2 0 |a vzdelávanie 
610 2 0 |a povolanie 
610 2 0 |a kvalita vzdelávania 
100 1 |a Novotná, Erika